000 00858nam a22002417a 4500
005 20240530110435.0
008 150329s2010 ua f 000 0 ara d
017 _a2010/15102
_bمصر . دار الكتب المصرية
020 _a9789770928999
040 _aEG-CaGPL
082 0 4 _221
_a338.925
_bق/ف إ
100 0 _aفاروق جويدة
245 1 0 _aاغتصاب وطن :
_bجريمة نهب الاراضى فى مصر /
_cفاروق جويدة
250 _aط1.
260 _aالقاهرة :
_bدار الشروق ،
_c2010
300 _a225 ص ؛
_c24 سم.
600 0 _aفاروق جويدة
_vمقالات
651 0 4 _aمصر
_xالاحوال السياسية
_yثورة 25 يناير
651 0 4 _aسيناء
_xتاريخ
651 0 4 _aسيناء
_vمقالات
942 _2ddc
_cBK
999 _c60933
_d60933